01042cam a2200289Ja 4500001002300000003000700023005001700030007000700047008004100054010001700095040004000112020002700152020003000179035002000209050002100229082001600250100001700266245008200283260003800365300004100403500002000444650003500464650002800499650003000527856009600557856009900653businessofcommer00wexlCaSfIA20230525154814.0cr||||970224s1997 nyua 001 0 eng  a 97006491  aDLCcDLCdYDXdBAKERdYDXCPdCaSfIA a081743612X (hardcover) a9780817436124 (hardcover) a(OCoLC)3647700000aTR581b.W48 199700a770/.682211 aWexler, Ira.14aThe business of commercial photography /h[electronic resource] cIra Wexler. aNew York :bAmphoto Books,c1997. a192 p. :bill. (some col.) ;c29 cm. aIncludes index. 0aPhotographyxBusiness methods. 0aCommercial photography. 0aPhotographersxMarketing.41uhttp://www.archive.org/details/businessofcommer00wexlzFree eBook from the Internet Archive42uhttp://www.openlibrary.org/books/OL661071MzAdditional information and access via Open Library